Noże w CS:GO - Statystyki

Ogólne statystyki
  • Ten quiz został rozwiązany 529 razy
  • Średni wynik to 12 z 22
Statystyki odpowiedzi
Noże % Poprawnych
Karambit
97%
Nóż motylkowy
93%
Bagnet
87%
Bagnet M9
80%
Nóż myśliwski
71%
Szpon
69%
Gut Knife
64%
Nóż terrorystów
62%
Sztylety cienia
62%
Nóż Bowie
59%
Navaja
58%
Sztylet
55%
Nóż składany
52%
Nóż Ursus
50%
Nóż klasyczny
44%
Nóż antyterrorystów
43%
Nóż szkieletowy
43%
Nóż paracord
41%
Nóż nomada
37%
Nóż Falcjona
33%
Nóż survivalowy
25%
Złoty nóż
17%
Nie znaleziono quizów pasujących do podanych kryteriów
Rozkład punktacji
Procent ludzi z każdym wynikiem
Percentyl według liczby udzielonych odpowiedzi
Twoja historia wyników
Nie rozwiązałeś tego quizu